| 000 | 00531cam a22001811 4500 | ||
|---|---|---|---|
| 082 | 0 | 0 |
_a621.38418 _bLYT _cL-11, P-29 |
| 100 | 1 |
_aLytel, Allan Herbert, _941374 |
|
| 245 | 1 | 0 | _aHandbook of transistor circuits. |
| 250 | _a[1st ed.] | ||
| 260 |
_aIndianapolis, _bH. W. Sams _c[1963] |
||
| 300 |
_a224 p. _billus. _c22 cm. |
||
| 490 | 0 | _aA Howard W. Sams photofact publication | |
| 500 | _a"TCL-1." | ||
| 526 |
_a0 _b0 _c0 _d621_384180000000000_LYT |
||
| 650 | 0 |
_aMCE _9379 |
|
| 650 | 0 |
_aTransistor circuits. _941590 |
|
| 942 |
_2ddc _cBK |
||
| 999 |
_c545655 _d545655 |
||